Robertson Davies: a portrait in mosaic
Saved in:
| Hovedforfatter: | |
|---|---|
| Format: | Bog |
| Sprog: | engelsk |
| Udgivet: |
Toronto
Emblem McClelland & Stewart
2009
|
| Udgivelse: | 1a. ed |
| Serier: | Rincón Canadá
|
| Fag: | |
| Tags: |
Tilføj Tag
Ingen Tags, Vær først til at tagge denne postø!
|
MARC
| LEADER | 00000cam a2200000 a 4500 | ||
|---|---|---|---|
| 001 | UCE3660 | ||
| 003 | CL-VaPUC | ||
| 008 | 140911e20090000cn |||||||||||||||||eng|d | ||
| 020 | |a 9780771077760 | ||
| 082 | 0 | 4 | |a 928.21 |b ROS |2 21 |
| 100 | 0 | |a Ross, Val |e author |9 576120 | |
| 245 | 1 | 0 | |a Robertson Davies: a portrait in mosaic |
| 250 | |a 1a. ed | ||
| 300 | |a 385 p | ||
| 942 | |c BK | ||
| 945 | |d 20140911 14:25:00 |a arojas | ||
| 260 | |a Toronto |b Emblem McClelland & Stewart |c 2009 | ||
| 650 | 0 | |a Biografías |9 255210 | |
| 651 | 7 | |a CANADA |2 CL-VaPUC |9 576121 | |
| 583 | |a last modification |c 20140911 14:25:00 |k Rodrigo Vera | ||
| 490 | 0 | |a Rincón Canadá | |
| 999 | |c 356847 |d 356845 | ||
| 952 | |0 0 |1 0 |3 erb |4 0 |6 928_210000000000000_ROS_2009 |7 0 |8 A |9 464604 |a BIBEDU |b BIBEDU |i 5113997 |o 928.21 ROS 2009 |p 5113997 |r 2019-11-23 |w 2019-11-23 |y BK |z Catalogado en:20140911 |k LIT | ||